000 00793nam a2200217 i 4500
001 78695
003 ES-MaACL
005 20230906173803.0
007 t|
008 041015s1974 sp ||||1| spa d
100 1 _aHawkins, E. K.
_962167
245 1 4 _aLos principios de la ayuda al desarrollo /
_cE.K. Hawkins ; versión de Miguel Paredes.
260 _a[Madrid] :
_bAlianza Editorial,
_c[1974]
300 _a155 p. ;
_c20 cm.
490 1 _aSecciones del curso de economía moderna ;
_v2. Economía del desarrollo ;
_v95
650 4 _aAyuda económica.
_9137664
700 1 _aParedes Marcos, Miguel,
_d1910-1976
_989053
830 1 _aSecciones del curso de economía moderna ;
_v2. Economía del desarrollo ;
_v95
_9183604
852 _aES-MaACL
_jE-6119
999 _c78695
_d78695